00161nam a2200073Ia 4500008004100000082000800041100001600049245002200065240331s9999 xx 000 0 und d bSMI aSmith, P. E 0aEthan F. :bnotes